000 00657nam a22001577a 4500
008 170309b xxu||||| |||| 00| 0 eng d
082 _22016
_aUT 0711
_bD38
100 _919181
_aDe Los Reyes, Quennie Joy L.
245 _aFactors that Motivate Senior High School Students Of The University Of Mindanao Digos College To Read Outside The Campus.
_cQuennie Joy L. De Los Reyes, Rovelyn R. Fiel and Giftphany C. Tado.
300 _a43 pages;
_b29 cm.
650 0 _919182
_aEducation
_vEnglish
_xUndergraduate Thesis.
700 _919183
_aDe Los Reyes, Quennie Joy L.
700 _919184
_aFiel, Rovelyn R.
700 _919185
_aTado, Giftphany C.
942 _2ddc
_cUT
999 _c6372
_d6372